| 000 | 01955nam0a2200361 i 4500 | ||
|---|---|---|---|
| 001 | RU\NLR\bibl\1960073 | ||
| 005 | 20260407073020.0 | ||
| 010 |
_a9785209040972 _9200 |
||
| 021 |
_aRU _b2012-74453 _95512 |
||
| 035 | _a(nilc)RSL-KNO-005504023 | ||
| 035 | _a(NLR Aleph) 001949098 | ||
| 090 |
_a3670329 _c3670329 |
||
| 100 | _a20121003d2012 u y0rusy50 ca | ||
| 101 | 0 | _arus | |
| 102 | _aRU | ||
| 105 | _aa ||||||||| | ||
| 200 | 1 |
_aМиелопролиферативные заболевания (хронические опухоли миелоидной системы) _eучебно-методическое пособие _e[для студентов медицинских факультетов] _fФедеральное гос. бюджетное образовательное учреждение высш. проф. образования "Российский ун-т дружбы народов" _g[доц., к.м.н. В.К. Альпидовский, к.м.н. Т.Ц. Гармаева] |
|
| 210 |
_aМосква _cРоссийский университет дружбы народов _d2012 |
||
| 215 |
_a32 с. _d21 |
||
| 320 | _aБиблиогр.: с. 32 (4 назв.) | ||
| 606 | 1 |
_aМиелопролиферативные болезни _jУчебно-методические пособия для высших учебных заведений _91174270 _3RU\NLR\auth\66471624 |
|
| 610 | 0 | _aмиелопролиферативные заболевания | |
| 686 |
_aР569.411я7-14 _2rubbk |
||
| 686 | _aР411.022я73 | ||
| 702 | 1 |
_aАльпидовский _bВ. К. _gВиктор Константинович _4220 |
|
| 712 | 0 | 2 |
_4570 _aРоссийский университет дружбы народов _3RU\NLR\AUTH\883055 _9277265 |
| 801 | 0 |
_aRU _bRuMoRKP _c20121003 _grcr |
|
| 801 | 1 |
_aRU _bРГБ _c20121003 |
|
| 801 | 2 |
_aRU _bNLR _c20121025 _grcr |
|
| 942 | _cBOOK | ||
| 980 | _aNBR | ||